[Event "Mechanics' Spring TNM; 30/90, SD/30"]
[Site "San Francisco"]
[Date "2013.03.26"]
[Round "2.4"]
[White "Todortsev, Victor"]
[Black "Shakhnazarov, Oleg"]
[Result "0-1"]
[WhiteElo "1910"]
[BlackElo "2184"]
[PlyCount "74"]
[EventDate "2013.??.??"]

1. d4 Nf6 2. Nf3 d5 3. g3 c6 4. Bg2 e6 5. O-O Nbd7 6. Nbd2 Bd6 7. Re1 O-O 8. e4
Ne8 9. e5 Be7 10. c3 b6 11. Nf1 Ba6 12. Be3 c5 13. a3 Nc7 14. b4 Rc8 15. Qd2
Bc4 16. Ng5 a5 17. bxc5 bxc5 18. f4 h6 19. Nf3 Nb5 20. g4 cxd4 21. cxd4 Nxa3
22. Qf2 Bd3 23. Rec1 Nc2 24. Ra2 Nxe3 25. Rxc8 Qxc8 26. Qxe3 Be4 27. Rxa5 Nb6
28. Ra7 Nc4 29. Qf2 Bb4 30. g5 h5 31. Nh4 Qb8 32. Ra2 Bb1 33. f5 Bxa2 34. Qxa2
Bc3 35. Nf3 Qb6 36. Qe2 exf5 37. Ng3 g6 0-1

[Event "Mechanics' Spring TNM; 30/90, SD/30"]
[Site "San Francisco"]
[Date "2013.05.07"]
[Round "8.15"]
[White "Todortsev, Victor"]
[Black "Sherwood, Peter"]
[Result "1-0"]
[WhiteElo "1910"]
[BlackElo "1812"]
[PlyCount "77"]
[EventDate "2013.??.??"]

1. e3 d5 2. f4 Nf6 3. Nf3 Nc6 4. d4 Bf5 5. Bd3 Qd7 6. O-O O-O-O 7. Ne5 Nxe5 8.
fxe5 Ne4 9. Nd2 f6 10. Nf3 Bg4 11. c4 fxe5 12. Qb3 exd4 13. Ne5 Nc5 14. Qa3 Qe6
15. exd4 Nxd3 16. Qxd3 Bh5 17. c5 c6 18. Bf4 Bg6 19. Qc3 Be4 20. Qa5 g5 21. Bg3
a6 22. Nf7 Rd7 23. Nxh8 Bg7 24. Be5 Bf6 25. Rf2 Qg8 26. Rxf6 exf6 27. Bxf6 Qe6
28. Rf1 Qg4 29. Qd2 h6 30. Be5 h5 31. Nf7 h4 32. Qxg5 Qxg5 33. Nxg5 Rd8 34.
Nxe4 dxe4 35. Re1 Rg8 36. Rxe4 h3 37. g3 Rf8 38. Rf4 Rg8 39. Rf7 1-0

[Event "Mechanics' Neil Falconer TNM; 30/90, SD"]
[Site "San Francisco"]
[Date "2013.08.27"]
[Round "4.13"]
[White "Todortsev, Victor"]
[Black "Shnaiderman, Lazar"]
[Result "1-0"]
[WhiteElo "1932"]
[BlackElo "1800"]
[Annotator "Donaldson"]
[PlyCount "67"]
[EventDate "2013.??.??"]

1. d4 Nf6 2. c4 e6 3. Nc3 Bb4 4. a3 Bxc3+ 5. bxc3 b6 6. Nf3 Ba6 7. e3 Nc6 8.
Bd3 Na5 9. Qe2 Qc8 (9... Nb3) 10. O-O Qb7 11. e4 O-O-O 12. e5 Ne8 13. Rb1 d5
14. c5 Bxd3 15. Qxd3 Nc4 16. Nd2 Qa6 17. Rb4 b5 18. a4 c6 19. axb5 cxb5 20.
Nxc4 bxc4 21. Qf3 Rd7 22. Bb2 Rb7 23. Ra1 Qc6 24. Ba3 Rxb4 25. Bxb4 Qb7 26. c6
Qc7 27. Bd6 Qxc6 28. Qxf7 Nxd6 29. exd6 Qd7 30. Rxa7 Qxf7 31. Rxf7 Rd8 32. Rc7+
Kb8 33. Rxg7 Rxd6 34. Rxh7 1-0

[Event "Mechanics' Fall TNM; 30/90, SD/30"]
[Site "San Francisco"]
[Date "2013.10.29"]
[Round "2.12"]
[White "Todortsev, Victor"]
[Black "Starr, Albert"]
[Result "0-1"]
[WhiteElo "1932"]
[BlackElo "1452"]
[Annotator "Donaldson"]
[PlyCount "138"]
[EventDate "2013.??.??"]

1. Nf3 b5 2. e4 b4 3. c3 Bb7 4. Bd3 c5 5. O-O e6 6. Bc2 d6 7. d4 Be7 8. e5 g6
9. Bf4 d5 10. a3 a5 11. axb4 axb4 12. Rxa8 Bxa8 13. Ba4+ Bc6 14. Bxc6+ Nxc6 15.
Qa4 Qc8 16. Nbd2 c4 17. Qb5 b3 18. Ra1 Bd8 19. Ra7 h5 20. h4 Nge7 21. g3 O-O
22. Bh6 $4 Nxa7 23. Qa4 Nac6 24. Bxf8 Kxf8 25. Ng5 Qc7 26. Qa1 Qa5 27. Qc1 Nf5
28. Ndf3 Kg7 29. Kg2 Bxg5 30. Qxg5 Qd8 31. Qc1 f6 32. exf6+ Qxf6 33. Qf4 Nfe7
34. Qc7 Kh6 35. Ng5 e5 36. dxe5 Nxe5 37. Qa7 (37. Qxe5 Qf5 (37... Qxe5 38. Nf7+
Kg7 39. Nxe5 Nc8 {and White has no defense against ...Nb6-a4 and ...Nxb2.}))
37... Nd3 38. Qe3 Qxf2+ 39. Qxf2 Nxf2 40. Kxf2 Nf5 (40... d4) 41. Nf3 Kg7 42.
g4 hxg4 43. Nd2 Nxh4 44. Kg3 Nf5+ 45. Kxg4 Ne3+ 46. Kf4 Nd1 47. Ke5 Nxb2 48.
Kxd5 Kf6 49. Ke4 g5 50. Nb1 Kg6 51. Nd2 Kh5 52. Kf3 Kh4 53. Kg2 g4 54. Nb1 Nd1
55. Nd2 b2 56. Nb1 Ne3+ 57. Kf2 Nf5 58. Kg2 g3 59. Nd2 Kg4 60. Nb1 Ne3+ 61. Kg1
Kh3 62. Nd2 Nd1 63. Nb1 Nf2 64. Nd2 Kg4 65. Kg2 Kf4 66. Nb1 Ng4 67. Nd2 Ne3+
68. Kh3 g2 69. Kh2 Nf1+ 0-1

[Event "Mechanics' Summer TNM; 30/90, SD/30"]
[Site "San Francisco"]
[Date "2013.06.25"]
[Round "5.9"]
[White "Todortsev, Victor"]
[Black "Tsodikova, Natalya"]
[Result "0-1"]
[WhiteElo "1916"]
[BlackElo "2262"]
[PlyCount "96"]
[EventDate "2013.??.??"]

1. e3 Nf6 2. f4 g6 3. Nf3 Bg7 4. Be2 c5 5. c4 O-O 6. Nc3 d5 7. cxd5 Nxd5 8. O-O
Nc6 9. a3 h6 10. Qe1 Na5 11. Qg3 Nb3 12. Rb1 Bf5 13. d3 Nxc1 14. Rfxc1 Nxe3 15.
Ne4 Rc8 16. Ne5 Bxe5 17. fxe5 Qd4 18. Qf2 c4 19. Ng3 Bxd3 20. Bxd3 cxd3 21. Nf1
Nf5 22. Qxd4 Nxd4 23. Rd1 Rfd8 24. Kf2 Rc2+ 25. Nd2 Nb3 26. Ke3 Nxd2 27. Rxd2
Rxd2 28. Kxd2 Kg7 29. Re1 e6 30. Re4 Rd5 31. b4 f6 32. exf6+ Kxf6 33. g4 e5 34.
h4 Rd4 35. g5+ hxg5 36. hxg5+ Kf5 37. Re1 e4 38. Rc1 Kxg5 39. Ke3 Rd7 40. Kxe4
d2 41. Rd1 Kg4 42. Ke3 g5 43. Ke2 Kf4 44. Rf1+ Ke4 45. Kd1 g4 46. Rf6 g3 47.
Rg6 Kf3 48. Rf6+ Kg2 0-1

[Event "Mechanics' Winter TNM; 30/90, SD/30"]
[Site "San Francisco"]
[Date "2013.02.19"]
[Round "7.6"]
[White "Todortsev, Victor"]
[Black "Wong, Russell"]
[Result "0-1"]
[WhiteElo "1910"]
[BlackElo "2200"]
[PlyCount "48"]
[EventDate "2013.??.??"]

1. d4 Nf6 2. c4 c5 3. d5 b5 4. Nc3 b4 5. Nb1 d6 6. Qc2 g6 7. f3 Bg7 8. e4 O-O
9. Bg5 h6 10. Bh4 e6 11. Bd3 exd5 12. cxd5 Nbd7 13. f4 Re8 14. Ne2 Qb6 15. Nd2
Ba6 16. Bf2 Ng4 17. O-O Nxf2 18. Rxf2 Bxb2 19. Rb1 Bg7 20. Nc4 Qc7 21. Rf3 Bxc4
22. Qxc4 Nb6 23. Qc1 c4 24. Rxb4 Qc5+ 0-1

[Event "Mechanics' Winter TNM; 30/90, SD/30"]
[Site "San Francisco"]
[Date "2013.01.15"]
[Round "2.34"]
[White "Touset, Stephen"]
[Black "Bachseitz, Martin"]
[Result "0-1"]
[WhiteElo "919"]
[BlackElo "1601"]
[Annotator "Donaldson"]
[PlyCount "40"]
[EventDate "2013.??.??"]

1. e4 e5 2. Nf3 Nc6 3. Bb5 a6 4. Ba4 Bc5 5. c3 b5 6. Bb3 Nf6 7. O-O O-O 8. d4
exd4 9. cxd4 Bb4 10. Bg5 h6 11. Bh4 Be7 12. Nc3 Nxe4 13. Bxe7 Nxc3 14. Qd3 Nxe7
15. bxc3 d6 16. Rfe1 Bf5 17. Qd2 Re8 18. Qf4 Qd7 19. Nh4 $4 g5 20. Rxe7 Rxe7 (
20... Rxe7 {Now White resigned, missing that} 21. Qxf5 gxh4 22. Qg6+ Kf8 23.
Qxh6+ Kg8 {draws}) 0-1

[Event "Mechanics' Spring TNM; 30/90, SD/30"]
[Site "San Francisco"]
[Date "2013.04.16"]
[Round "5.31"]
[White "Touset, Stephen"]
[Black "Filho, Murilo"]
[Result "0-1"]
[WhiteElo "919"]
[BlackElo "1716"]
[Annotator "Donaldson"]
[PlyCount "86"]
[EventDate "2013.??.??"]

1. e4 c5 2. Nf3 d6 3. d4 cxd4 4. Nxd4 g6 5. Nc3 Bg7 6. Be3 Nf6 7. Be2 O-O 8.
O-O Nc6 9. Qd2 Bd7 10. f4 a6 11. Bf3 Rc8 12. Rfd1 Ng4 13. Nxc6 bxc6 14. Bd4 c5
15. Bxg7 Kxg7 16. f5 Ne5 17. f6+ Kxf6 18. Qh6 Be6 19. Rf1 Bc4 20. Nd5+ Ke6 21.
Rf2 Kd7 22. Qh3+ Kc6 $4 23. Ne3 $4 (23. Qxc8+) 23... Be6 24. Bg4 Bxg4 $4 (24...
Nxg4 25. Nxg4 h5) 25. Nxg4 Nxg4 26. Qxg4 Qd7 27. Qe2 Qb7 28. b3 Qb4 29. c4 Qb7
30. Raf1 f6 31. Qf3 Kc7 32. Qg4 Qc6 33. Kh1 Qd7 34. Qf3 a5 35. a3 f5 36. e5 Qc6
37. Qf4 dxe5 38. Qxe5+ Qd6 39. Qe3 Rcd8 40. Re1 Rfe8 41. Rfe2 Rd7 42. Qg5 e5
43. Rd2 $4 Qxd2 0-1

[Event "Mechanics' Winter TNM; 30/90, SD/30"]
[Site "San Francisco"]
[Date "2013.02.12"]
[Round "6.35"]
[White "Touset, Stephen"]
[Black "Flores, David"]
[Result "0-1"]
[WhiteElo "919"]
[BlackElo "1695"]
[PlyCount "92"]
[EventDate "2013.??.??"]

1. e4 e5 2. Nf3 Nc6 3. Bb5 d6 4. d4 exd4 5. Nxd4 Bd7 6. Nc3 Ne5 7. O-O c6 8.
Bd3 Nf6 9. Nf3 Bg4 10. Be2 Be6 11. Bf4 Ng6 12. Bg3 h5 13. h3 Be7 14. Ng5 Qd7
15. Nxe6 fxe6 16. Qd3 Ne5 17. Bxe5 dxe5 18. Qg3 O-O-O 19. Qxe5 Bd6 20. Qg5 Qe7
21. e5 Nh7 22. Qxe7 Bxe7 23. Bxh5 Bc5 24. Bg4 Ng5 25. Rfe1 Rd4 26. Ne2 Rd2 27.
Kf1 Rf8 28. f3 Kc7 29. Rac1 Ne4 30. Red1 Be3 31. Rxd2 Nxd2+ 32. Ke1 Nc4 33. Rd1
Re8 34. Rd3 Bb6 35. b3 Nxe5 36. Rd1 Re7 37. f4 Nf7 38. Kf1 Nh6 39. Bf3 Nf5 40.
Rd3 Ne3+ 41. Kf2 Nxc2+ 42. Kg3 Nb4 43. Rd2 Be3 44. Rb2 Rf7 45. Kg4 Nd3 46. Nd4
Rxf4+ 0-1

[Event "Mechanics' Winter TNM; 30/90, SD/30"]
[Site "San Francisco"]
[Date "2013.02.26"]
[Round "8.34"]
[White "Touset, Stephen"]
[Black "Langrog, Alex"]
[Result "0-1"]
[WhiteElo "919"]
[BlackElo "1332"]
[PlyCount "50"]
[EventDate "2013.??.??"]

1. e4 c5 2. Nf3 d6 3. d4 cxd4 4. Nxd4 g6 5. c4 Bg7 6. Nc3 Nf6 7. Bd3 O-O 8. O-O
Bg4 9. Qb3 Qb6 10. Qxb6 axb6 11. Nc2 Nc6 12. Be3 Ne5 13. Nb4 Nxd3 14. Nxd3 Rfc8
15. b3 Nd7 16. Nd5 Kf8 17. e5 Be2 18. N3b4 Bxf1 19. exd6 Bxa1 20. dxe7+ Ke8 21.
Kxf1 Nc5 22. Nxb6 Rab8 23. N4d5 Rc6 24. Bf4 Rbc8 25. Nxc8 Rxc8 0-1

[Event "Mechanics' Spring TNM; 30/90, SD/30"]
[Site "San Francisco"]
[Date "2013.04.23"]
[Round "6.34"]
[White "Touset, Stephen"]
[Black "Montoya, Daniel"]
[Result "0-1"]
[WhiteElo "919"]
[BlackElo "1570"]
[PlyCount "46"]
[EventDate "2013.??.??"]

1. e4 e6 2. d4 d5 3. Nc3 Nc6 4. Nf3 Nf6 5. e5 Ne4 6. Nxe4 dxe4 7. Ng5 Qxd4 8.
Be3 Qxe5 9. c3 Be7 10. Qg4 Bxg5 (10... O-O $19 11. Qxe4 (11. Nxe4 f5) 11...
Qxe4 12. Nxe4 f5 13. Nd2 f4 14. Bd4 e5) 11. Bxg5 O-O 12. Bf4 Qf5 (12... Qf6 $1
13. Bxc7 e5 14. Qxe4 Qe7) 13. Qxf5 exf5 14. Rd1 Be6 15. Bxc7 Rac8 (15... Bxa2)
16. Bd6 Rfd8 17. b3 Rd7 18. c4 Rcd8 19. c5 a6 (19... b6 $1 20. Bb5 bxc5 21.
Bxc6 Rxd6) 20. Be2 Nb4 $1 21. Rd2 Nd5 (21... b6) 22. O-O Nc3 23. a3 $2 Bxb3 0-1

[Event "Mechanics' Spring TNM; 30/90, SD/30"]
[Site "San Francisco"]
[Date "2013.05.07"]
[Round "8.39"]
[White "Touset, Stephen"]
[Black "Olson, David"]
[Result "1-0"]
[WhiteElo "919"]
[BlackElo "1519"]
[PlyCount "73"]
[EventDate "2013.??.??"]

1. e4 e5 2. Nf3 Nc6 3. Bb5 Nd4 4. Nxd4 exd4 5. c3 a6 6. Bc4 b5 7. Bb3 Bc5 8.
Qf3 Nh6 9. d3 Qe7 10. Bxh6 gxh6 11. O-O Bb7 12. Nd2 O-O-O 13. Qxf7 Qg5 14. Nf3
Qg4 15. Bd5 Rhg8 16. Bxb7+ Kxb7 17. g3 Rdf8 18. Qd5+ c6 19. Qxc5 Rxf3 20. Qxd4
h5 21. e5 Qh3 22. Qe4 Rff8 23. Rae1 h4 24. Qg2 Qe6 25. Qe4 h3 26. f4 h5 27. f5
Qxa2 28. e6 d5 29. Qb4 a5 30. Qa3 Qxa3 31. bxa3 h4 32. e7 Re8 33. Re3 hxg3 34.
Rxg3 Rxg3+ 35. hxg3 Kc7 36. f6 Kd7 37. d4 1-0

[Event "Mechanics' Summer TNM; 30/90, SD/30"]
[Site "San Francisco"]
[Date "2013.06.11"]
[Round "3.37"]
[White "Touset, Stephen"]
[Black "Otterbach, Renate"]
[Result "1-0"]
[WhiteElo "1005"]
[BlackElo "948"]
[PlyCount "59"]
[EventDate "2013.??.??"]

1. e4 e5 2. Nf3 d6 3. d4 Nf6 4. Bg5 Be7 5. Bxf6 Bxf6 6. dxe5 Be7 7. exd6 Bxd6
8. e5 Qe7 9. Qe2 Bc5 10. Nbd2 O-O 11. O-O-O Be6 12. Kb1 Nc6 13. Ne4 Ba3 14.
Nfg5 Bf5 15. Qf3 Bg6 16. bxa3 Nxe5 17. Qb3 Bxe4 18. Nxe4 Ng4 19. f3 Nf2 20.
Nxf2 h6 21. Bc4 Rae8 22. Nd3 Qf6 23. Rhe1 Rd8 24. Nc5 Rd6 25. Nd7 Qf4 26. Rxd6
cxd6 27. Nxf8 Kxf8 28. Qxb7 g6 29. Re4 Qxh2 30. Qxf7# 1-0

[Event "Mechanics' Summer TNM; 30/90, SD/30"]
[Site "San Francisco"]
[Date "2013.06.04"]
[Round "2.34"]
[White "Touset, Stephen"]
[Black "Sepulveda, Ben"]
[Result "1-0"]
[WhiteElo "1005"]
[BlackElo "1640"]
[PlyCount "46"]
[EventDate "2013.??.??"]

1. e4 e6 2. d4 d5 3. Nc3 Nf6 4. Bg5 Be7 5. Bd3 h6 6. Bh4 Nc6 7. e5 Nd7 8. Bxe7
Nxe7 9. Nge2 a6 10. Qd2 c5 11. b3 cxd4 12. Nxd4 Nxe5 13. f4 Nxd3+ 14. Qxd3 Bd7
15. O-O-O Qc7 16. g3 O-O-O 17. Rde1 Kb8 18. Re3 Nc6 19. a3 Nxd4 20. Qxd4 f6 21.
f5 e5 22. Qg4 Rc8 23. Qd1 Bc6 1-0

[Event "Mechanics' Spring TNM; 30/90, SD/30"]
[Site "San Francisco"]
[Date "2013.03.26"]
[Round "2.23"]
[White "Touset, Stephen"]
[Black "Tsodikova, Natalya"]
[Result "0-1"]
[WhiteElo "919"]
[BlackElo "2262"]
[PlyCount "52"]
[EventDate "2013.??.??"]

1. e4 c5 2. Nf3 d6 3. d4 cxd4 4. Nxd4 Nf6 5. Nc3 a6 6. Bg5 e6 7. f4 Be7 8. Qd3
Nbd7 9. O-O-O Nc5 10. Qf3 Qc7 11. e5 dxe5 12. fxe5 Nd5 13. Bxe7 Nxe7 14. Qg3
O-O 15. Bd3 b5 16. Ndxb5 Nxd3+ 17. Qxd3 axb5 18. Nxb5 Qxe5 19. Kb1 Ba6 20. a4
Qf4 21. Qd6 Qxd6 22. Rxd6 Bxb5 23. axb5 Rab8 24. c4 Rfc8 25. Rhd1 Nf5 26. Rd7
Ne3 0-1

[Event "Mechanics' Summer TNM; 30/90, SD/30"]
[Site "San Francisco"]
[Date "2013.07.09"]
[Round "7.36"]
[White "Touset, Stephen"]
[Black "Yamamoto, Craig"]
[Result "1-0"]
[WhiteElo "1005"]
[BlackElo "1542"]
[Annotator "Donaldson"]
[PlyCount "63"]
[EventDate "2013.??.??"]

1. e4 e5 2. Nf3 Nc6 3. Bb5 a6 4. Ba4 b5 5. Bb3 d6 6. c3 Bb7 7. d4 exd4 8. cxd4
Be7 9. Nc3 Nf6 10. Bxf7+ $2 Kxf7 11. Ng5+ Ke8 12. Ne6 Qd7 13. d5 Nd8 14. Nxg7+
Kf7 15. Nf5 h5 $2 (15... Re8 16. O-O b4 17. Ne2 Bf8 $17) 16. O-O Kf8 17. Bh6+
Rxh6 18. Nxh6 Nf7 19. Nf5 Ng8 20. Qxh5 Bf6 21. Ne2 Re8 22. Qg6 Ne5 23. Qg3 Qf7
24. Nf4 Bc8 25. Rac1 Bxf5 26. exf5 Bd8 27. Ne6+ Ke7 28. f4 Nc4 29. Rfe1 Kd7 30.
Qg7 $6 (30. a4 $1) 30... Re7 (30... Qxg7 31. Nxg7 Rxe1+ 32. Rxe1 Bf6) 31. Qxf7
Rxf7 32. g4 {A surprising decision by Black. After 32...Nxb2 33.Re2 White is
better, but far from winning.} 1-0

[Event "Mechanics' Neil Falconer TNM; 30/90, SD"]
[Site "San Francisco"]
[Date "2013.09.03"]
[Round "5.4"]
[White "Traub, Igor"]
[Black "Andries, Craig"]
[Result "1-0"]
[WhiteElo "2059"]
[BlackElo "1956"]
[Annotator "Donaldson"]
[PlyCount "97"]
[EventDate "2013.??.??"]

1. Nf3 Nf6 2. d3 g6 3. e4 d6 4. g3 Bg7 5. Bg2 O-O 6. h3 c6 7. O-O e5 8. Be3 h6
9. Nbd2 c5 10. a4 a5 11. c3 Nc6 12. d4 b6 13. d5 Ne7 14. b4 Ba6 15. Re1 Nd7 16.
Nh2 f5 17. f3 Nf6 18. Bf1 Bc8 19. bxa5 bxa5 20. Rb1 Bd7 21. g4 fxe4 22. fxe4 g5
23. Bb5 Ng6 24. Nhf1 Nf4 25. Kh2 Bc8 26. Ng3 Nxh3 27. Nf5 Nf4 28. Bc6 Bxf5 29.
gxf5 Rb8 30. Rb5 Rxb5 31. axb5 Qe7 32. b6 g4 33. Rf1 Qf7 34. Rxf4 $4 exf4 35.
Bxf4 Qh5+ (35... Nxe4 $3) 36. Kg1 $11 Qh3 37. Qe2 Nh5 38. Bxd6 Bxc3 39. Bxc5
Be5 40. Qg2 Qh4 41. Nf3 Qf6 42. Nxe5 Qxe5 43. Qxg4+ Ng7 44. Bxf8 Qd4+ 45. Kh2
Kxf8 46. b7 Qf2+ 47. Qg2 Qf4+ 48. Qg3 Qd2+ 49. Kh3 1-0

[Event "Mechanics' Winter TNM; 30/90, SD/30"]
[Site "San Francisco"]
[Date "2013.01.22"]
[Round "3.9"]
[White "Traub, Igor"]
[Black "Askin, Michael"]
[Result "1-0"]
[WhiteElo "2112"]
[BlackElo "1872"]
[PlyCount "71"]
[EventDate "2013.??.??"]

1. Nf3 d5 2. d3 Nf6 3. g3 Bg4 4. Bg2 c6 5. O-O Nbd7 6. Nbd2 e6 7. h3 Bh5 8. e4
Bd6 9. Re1 Qc7 10. c4 O-O 11. Qc2 h6 12. Nh4 g5 13. Nhf3 g4 14. hxg4 Nxg4 15.
d4 dxe4 16. Nxe4 Bg6 17. c5 Be7 18. Bf4 e5 19. Nxe5 Ndxe5 20. dxe5 Bg5 21. Qe2
Bxf4 22. gxf4 h5 23. Nd6 Qe7 24. Qf3 f6 25. Qb3+ Rf7 26. f5 Kh8 27. fxg6 Rg7
28. Nf7+ Kg8 29. exf6 Qxf6 30. Ne5+ Kh8 31. Nf7+ Kg8 32. Nh6+ Kh8 33. Nxg4 hxg4
34. Re6 Qf5 35. Be4 Qxc5 36. Kg2 1-0

[Event "Mechanics' Summer TNM; 30/90, SD/30"]
[Site "San Francisco"]
[Date "2013.06.11"]
[Round "3.17"]
[White "Traub, Igor"]
[Black "Bekhtur, Bayaraa"]
[Result "1-0"]
[WhiteElo "2074"]
[BlackElo "1702"]
[PlyCount "59"]
[EventDate "2013.??.??"]

1. Nf3 g6 2. g3 Nf6 3. d3 d5 4. Bg2 Bg7 5. Nbd2 O-O 6. O-O c5 7. h3 Nc6 8. e4
e6 9. a4 b6 10. Re1 Nd7 11. c3 f5 12. exd5 exd5 13. Nb3 Nf6 14. a5 Rb8 15. axb6
Qxb6 16. Ra3 Nh5 17. d4 c4 18. Nc5 Nf6 19. Ng5 Ne4 20. Nge6 Bxe6 21. Nxe6 Rf6
22. Nxg7 Kxg7 23. f3 Nxg3 24. Bf4 Qxb2 25. Bxb8 Ne4 26. fxe4 fxe4 27. Rxa7+
Nxa7 28. Be5 Qf2+ 29. Kh1 Nb5 30. Rf1 1-0

[Event "Mechanics' Winter TNM; 30/90, SD/30"]
[Site "San Francisco"]
[Date "2013.02.26"]
[Round "8.16"]
[White "Traub, Igor"]
[Black "Brown, Nicholas"]
[Result "1-0"]
[WhiteElo "2112"]
[BlackElo "1471"]
[PlyCount "47"]
[EventDate "2013.??.??"]

1. e4 c6 2. d4 d5 3. e5 Bf5 4. Ne2 e6 5. Ng3 Bg6 6. Be2 c5 7. c3 Nc6 8. O-O Be7
9. Na3 c4 10. b3 Bxa3 11. Bxa3 b5 12. f4 Nce7 13. Nh5 Nf5 14. bxc4 Bxh5 15.
Bxh5 Ne3 16. Qe2 Nxf1 17. cxd5 Qd7 18. dxe6 Qxe6 19. Qxb5+ Qd7 20. Bxf7+ Kd8
21. Qa5+ Kc8 22. Qc5+ Qc7 23. Be6+ Kb7 24. Rb1+ 1-0

[Event "Mechanics' Summer TNM; 30/90, SD/30"]
[Site "San Francisco"]
[Date "2013.05.28"]
[Round "1.10"]
[White "Traub, Igor"]
[Black "Flores, David"]
[Result "1-0"]
[WhiteElo "2074"]
[BlackElo "1654"]
[PlyCount "59"]
[EventDate "2013.??.??"]

1. Nf3 Nf6 2. d3 g6 3. e4 d6 4. g3 Bg7 5. Bg2 c5 6. h3 Nc6 7. Nc3 Bd7 8. O-O
O-O 9. Be3 Qc8 10. Kh2 Nh5 11. Qd2 Nd4 12. Nd5 Nxf3+ 13. Bxf3 Re8 14. Bxh5 gxh5
15. Bh6 f6 16. Bxg7 Kxg7 17. Nf4 h6 18. Nxh5+ Kh7 19. g4 Rg8 20. Rg1 Rg6 21. f4
Qc7 22. Rg3 Rag8 23. Rag1 b5 24. f5 Rg5 25. h4 R5g7 26. Nxg7 Rxg7 27. Qf4 Qa5
28. g5 e5 29. gxf6 Rf7 30. Rg7+ 1-0

[Event "Mechanics' Winter TNM; 30/90, SD/30"]
[Site "San Francisco"]
[Date "2013.01.29"]
[Round "4.3"]
[White "Traub, Igor"]
[Black "Fuentes, Romulo"]
[Result "0-1"]
[WhiteElo "2112"]
[BlackElo "2229"]
[PlyCount "56"]
[EventDate "2013.??.??"]

1. Nf3 c5 2. e4 e6 3. d4 cxd4 4. Nxd4 Nf6 5. Nc3 Bb4 6. Bd3 d6 7. Bd2 O-O 8.
O-O Nbd7 9. a3 Bxc3 10. Bxc3 Nc5 11. Qe2 Na4 12. Nb5 Nxc3 13. Nxc3 Bd7 14. e5
dxe5 15. Qxe5 Bc6 16. Rfd1 Qb6 17. Qe3 Qxe3 18. fxe3 Rac8 19. h3 a6 20. Kf2 e5
21. Bf5 Rc7 22. Rd6 Ne8 23. Rd8 g6 24. Bd3 Kg7 25. e4 f5 26. Ke3 f4+ 27. Kf3
Nf6 28. Rxf8 Kxf8 {Both scoresheets become indecipherable here. The position
is aproximately equal here but Black later won.} 0-1

[Event "Mechanics' Fall TNM; 30/90, SD/30"]
[Site "San Francisco"]
[Date "2013.10.29"]
[Round "2.15"]
[White "Traub, Igor"]
[Black "James, Charles"]
[Result "1-0"]
[WhiteElo "2125"]
[BlackElo "1592"]
[Annotator "Donaldson"]
[PlyCount "53"]
[EventDate "2013.??.??"]

1. e4 e6 2. f4 d5 3. e5 c5 4. Nf3 Be7 5. c3 Nc6 6. Bd3 c4 7. Bc2 Nh6 8. O-O
Qb6+ 9. Kh1 Ng4 10. d4 cxd3 11. Qxd3 Bc5 $1 {
Now White has to sacrifice the exchange. Instead} (11... Nf2+ $4 12. Rxf2 Qxf2
13. Be3 {traps the queen.}) 12. b4 Nf2+ 13. Rxf2 Bxf2 14. a4 Qd8 (14... a5 $1
$17) 15. Na3 a6 16. Bd2 f5 $6 (16... Ba7) 17. exf6 Qxf6 18. Rf1 Ba7 19. c4 d4
20. c5 Bb8 $6 (20... g6 21. Nc4 O-O 22. b5 {
gives White excellent compensation for the exchange but nothing like the game.}
) 21. b5 axb5 22. axb5 Bxf4 $2 (22... Ne7) 23. bxc6 Rxa3 24. cxb7 Bxb7 25. Qb5+
Kf8 26. Bxf4 Bxf3 27. Bd6+ 1-0

[Event "Mechanics' Neil Falconer TNM; 30/90, SD"]
[Site "San Francisco"]
[Date "2013.08.27"]
[Round "4.2"]
[White "Traub, Igor"]
[Black "Lee, Andy"]
[Result "0-1"]
[WhiteElo "2059"]
[BlackElo "2316"]
[PlyCount "60"]
[EventDate "2013.??.??"]

1. d4 Nf6 2. Nf3 g6 3. g3 Bg7 4. Bg2 O-O 5. O-O c5 6. c4 Nc6 7. d5 Na5 8. Qd3
d6 9. Nc3 a6 10. e4 b5 11. cxb5 axb5 12. Nxb5 Qb6 13. a4 Bd7 14. b4 Nc4 15.
bxc5 Qxc5 16. Nfd4 Ng4 17. Ra2 Rfb8 18. h3 Nge5 19. Qc2 Qb6 20. Bg5 h6 21. Bc1
Qa5 22. f4 Bxb5 23. Nxb5 Rxb5 24. fxe5 Nxe5 25. axb5 Qxa2 26. Qc7 $4 (26. Qxa2)
26... Qe2 $1 27. Rf2 Qxb5 (27... Qe1+ 28. Rf1 Nf3+ 29. Kh1 Qe2 30. Rxf3 Ra2)
28. Qxe7 $2 (28. Kh2) 28... Qc5 29. Qb7 Qxc1+ 30. Kh2 Qc8 0-1

[Event "Mechanics' Neil Falconer TNM; 30/90, SD"]
[Site "San Francisco"]
[Date "2013.09.24"]
[Round "8.1"]
[White "Traub, Igor"]
[Black "Manvelyan, Hayk"]
[Result "0-1"]
[WhiteElo "2059"]
[BlackElo "2340"]
[Annotator "Donaldson"]
[PlyCount "78"]
[EventDate "2013.??.??"]

1. d4 Nf6 2. c4 d6 3. Nf3 Nbd7 4. g3 e5 5. Bg2 c6 6. O-O Be7 7. Nc3 O-O 8. e4
Re8 9. Re1 Bf8 10. b3 a5 11. Ba3 Qc7 12. Rc1 b6 13. Rc2 Bb7 14. dxe5 dxe5 15.
Bxf8 Nxf8 16. Rd2 Rad8 17. Bh3 Rxd2 18. Qxd2 Rd8 19. Qe3 Ng6 20. Kg2 h6 21. Rd1
Rxd1 22. Nxd1 Qd8 23. Nc3 c5 24. Nd5 Ne8 25. Qc3 Nd6 26. Qe3 Bxd5 27. cxd5 Qc7
28. Nd2 b5 29. f4 f6 30. Be6+ Kh8 31. f5 Ne7 32. h4 Nec8 33. Bxc8 Qxc8 $11 34.
g4 c4 $1 35. bxc4 bxc4 36. Nb1 (36. Qc3 Qc5) 36... Qb8 37. Nc3 Qb2+ 38. Kf3 $2
(38. Kh1) 38... Qh2 39. Ne2 $4 (39. g5) 39... Qh1+ 0-1

[Event "Mechanics' Winter TNM; 30/90, SD/30"]
[Site "San Francisco"]
[Date "2013.02.12"]
[Round "6.15"]
[White "Traub, Igor"]
[Black "Nelson, Christopher"]
[Result "1-0"]
[WhiteElo "2112"]
[BlackElo "1513"]
[PlyCount "77"]
[EventDate "2013.??.??"]

1. Nf3 f5 2. g3 Nf6 3. Bg2 d6 4. d4 g6 5. c4 Bg7 6. Nc3 c6 7. O-O O-O 8. Bg5
Na6 9. Qc1 Qe8 10. Bh6 e5 11. Bxg7 Kxg7 12. e3 e4 13. Ng5 h6 14. Nh3 Nb4 15.
Qd2 Nd3 16. Nf4 Nxf4 17. exf4 Ng4 18. Rfe1 Qf7 19. d5 c5 20. b4 b6 21. bxc5
bxc5 22. Nb5 Rd8 23. f3 exf3 24. Bxf3 Nf6 25. Qa5 Rd7 26. Re6 Ne4 27. Re1 Qf8
28. Bxe4 fxe4 29. R1xe4 Rb8 30. Re8 Qf6 31. R4e6 Qa1+ 32. Re1 Rxb5 33. Qxb5
Qd4+ 34. Kg2 Rf7 35. R8e7 Rxe7 36. Rxe7+ Kf6 37. Qe8 Qd2+ 38. Re2 Bd7 39. Qf8#
1-0

[Event "Mechanics' Fall TNM; 30/90, SD/30"]
[Site "San Francisco"]
[Date "2013.11.12"]
[Round "4.14"]
[White "Traub, Igor"]
[Black "Potharam, Eitetsu"]
[Result "1-0"]
[WhiteElo "2125"]
[BlackElo "1725"]
[PlyCount "73"]
[EventDate "2013.??.??"]

1. e4 c5 2. d3 g6 3. g3 Bg7 4. Bg2 Nc6 5. f4 d6 6. Nf3 Bg4 7. c3 Nf6 8. h3 Bd7
9. O-O O-O 10. Qe1 e6 11. Be3 Ne8 12. Na3 Nc7 13. Rd1 b5 14. e5 b4 15. exd6 Nd5
16. Bxc5 bxa3 17. Bxa3 Qb6+ 18. d4 Rad8 19. Kh2 Na5 20. b3 Nc6 21. Bc5 Qa5 22.
c4 Qxe1 23. Rfxe1 Nb6 24. Ne5 Nxe5 25. fxe5 f6 26. a4 fxe5 27. dxe5 Rc8 28. Bd4
Rb8 29. a5 Nc8 30. Rb1 Rf7 31. c5 Rb4 32. Bc3 Rb5 33. b4 Rf2 34. Kg1 Rc2 35.
Rbc1 Rxc1 36. Rxc1 Be8 37. c6 1-0